000 01779cam a22004337a 4500
003 CHAP
005 20220329133743.0
008 971013s1985 r 00010 d
010 _a10378
011 _a11350
035 _a10588
040 _cCHAP
082 _a633.11
_bS8
100 0 0 _aSuárez Arguello, Clara Elena.
_9110673
245 1 3 _aLa política cerealera en la economía novohispana
_b: el caso del trigo
260 _aMéxico, D.F. :
_bCentro de Investigaciones y Estudio Superiores en Antropología Social,
_c1985
300 _a301 p.
490 0 _aColección Miguel Othón de Mendizábal
_v; 6
590 _aBATCH-UPD
_b10
_c20130110
_lUCH01
_h0326
590 _aBATCH-UPD
_b10
_c20130110
_lUCH01
_h1834
590 _aBATCH-UPD
_b10
_c20130409
_lUCH01
_h2358
590 _aBATCH-UPD
_b10
_c20130410
_lUCH01
_h1444
590 _aBATCH-UPD
_b10
_c20130914
_lUCH01
_h0912
590 _aCONVERSION
_b10
_c20130109
_lUCH01
_h1307
650 1 4 _aCereales
_xAspectos económicos.
_921388
650 1 4 _aCereales
_zMéxico.
_921481
650 1 4 _aPolítica cerealera.
_990456
650 1 4 _aTrigo
_xAspectos económicos
_zMéxico.
_9114979
650 1 4 _aTrigo
_xHistoria.
_9115038
650 1 4 _aTrigo
_zMéxico.
_9115130
830 0 _aColección Miguel Othón de Mendizábal
_v; 6
_924926
901 _aBK
942 _cLIBRO
949 _a633.11 S8
_bBC
_cLIBRO
_d33724000193819
_eLIBRO
_gI. c/e
_h85072
_i10588
_si
_t40.00
949 _a633.11 S8
_bBC
_cLIBRO
_d33724000193827
_eLIBRO
_fc.2
_gI. c/e
_h85073
_i10588
_si
_t40.00
949 _a633.11 S8
_bBC
_cLIBRO
_d33724000193835
_eLIBRO
_fc.3
_h86009
_i10588
_si
_t40.00
949 _a633.11 S8
_bBC
_cLIBRO
_d33724000902854
_eLIBRO
_fc.4
_h86010
_i10588
_si
_t40.00
949 _a633.11 S8
_bBC
_cLIBRO
_d33724000949814
_eLIBRO
_fc.5
_gDonaciØn
_h105823
_i10588
_sb
999 _c10378
_d10378